00456nam a22001577a 4500999001900000003000400019082001500023100000900038245008900047546001200136650000800148650000800156650000800164942001300172952011300185 c164520d164520OSt a630 BHA/QU aICAR aQuestion papers for the tenth agricultural research service examination held in 1991 aEnglish aNET aARS aJRF 2ddccREF 00102ddc40708GenaKAUCLVbKAUCLVcGENERALd2019-07-23l0oCE 630 BHA/QUp202040r2019-07-23 00:00:00yBK